Datum a čas kvízu

21.5 Celkem bodů Celkový počet nahraných bodů na tomto kvízu bez doplňovacích otázek.
5. Pořadí na kvízu Konečné umístění týmu na tomto kvízu.

Zaznamenané odpovědi

# Otázka Odpověď Body Výsledky
1. Ve Všetatech na Mělnicku byl v... Jan Palach 0
2. Americká společnost Johnson &... narostla mu prsa 0
3. Ti z Vás, kdo pravidelně sledu... zavedení lokalizované (české) verze nabídky 1
4. Společnost Adobe minulý týden... Venezuela 0
5. 129. ročník jednoho z nejtěžší... Theophilos, Josef Bartoš 0.5
6. Téma o Brazílii zvítězilo ve f... USA, Čína 0
7. Pokud bychom chtěli v říjnu 20... v Curychu 0
8. Věříme, že většina z Vás bude... Paulo Coelho, Jorge Amado 0
9. Typické brazilské jídlo se jme... fazole 0
10. Co se týče slavných osobností,... Alessandra Ambrosio 1